| 000 | 00711cab a2200253 4500 | ||
|---|---|---|---|
| 001 | ABS55089 | ||
| 008 | 090401t1996 xxu||||| |||| 00| 0 eng d | ||
| 035 | _a(Sirsi) u14110 | ||
| 041 | _aeng | ||
| 100 | _aSouthern, D. | ||
| 245 | _aTrusts and estates: the new regime | ||
| 260 | _c1996 | ||
| 350 | _a0 | ||
| 490 |
_aTaxation _v137(3552) 25 April 1996, 91-94 |
||
| 520 | _aDiscusses issues relevant to trusts and deceased`s estates including the self-assessment system and working out residue. | ||
| 650 | _aFINANCE ACT 1991 | ||
| 650 | _aINHERITANCE TAX | ||
| 650 | _aRESIDUE | ||
| 650 | _aSELF-ASSESSMENT | ||
| 690 | _aTAXATION | ||
| 700 | _aSouthern, J. | ||
| 942 | _n0 | ||
| 948 | _c04/03/1997 | ||
| 999 |
_c9154 _d9154 |
||